Transport for London (London Underground Limited) v Spirerose Limited (in administration) (Record no. 81739)
[ view plain ]
| 000 -LEADER | |
|---|---|
| fixed length control field | 01356cad a22002175a 4500 |
| 001 - CONTROL NUMBER | |
| control field | E148160 |
| 008 - FIXED-LENGTH DATA ELEMENTS--GENERAL INFORMATION | |
| fixed length control field | 090807e20090730xxk f v 000 0 eng d |
| 035 ## - SYSTEM CONTROL NUMBER | |
| System control number | (Sirsi) u148160 |
| 041 0# - LANGUAGE CODE | |
| Language code of text/sound track or separate title | eng |
| 245 04 - TITLE STATEMENT | |
| Title | Transport for London (London Underground Limited) v Spirerose Limited (in administration) |
| Medium | [electronic resource] |
| 260 ## - PUBLICATION, DISTRIBUTION, ETC. | |
| Date of publication, distribution, etc. | 2009 |
| 520 ## - SUMMARY, ETC. | |
| Summary, etc. | [2009] UKHL 44, 30 July 2009. Case related to whether compensation for compulsory purchase of land with potential for development should take account of the uncertainty of planning application for a development being granted, or whether it should be awarded as if the application had been approved. The Tribunal and Court of Appeal had taken the latter view, and Transport for London appealed. "Held": appeal allowed. |
| 590 ## - LOCAL NOTE (RLIN) | |
| Local note | KA |
| 650 24 - SUBJECT ADDED ENTRY--TOPICAL TERM | |
| Topical term or geographic name entry element | TRANSPORT FOR LONDON (LONDON UNDERGROUND LTD) V SPIREROSE LTD (IN ADMINISTRATION) |
| 650 24 - SUBJECT ADDED ENTRY--TOPICAL TERM | |
| Topical term or geographic name entry element | POINTE GOURDE QUARRYING AND TRANSPORT CO LTD V CROWN LANDS SUPERINTENDENT |
| 650 24 - SUBJECT ADDED ENTRY--TOPICAL TERM | |
| Topical term or geographic name entry element | LAND COMPENSATION ACT 1961 |
| 651 #4 - SUBJECT ADDED ENTRY--GEOGRAPHIC NAME | |
| Geographic name | England and Wales |
| Chronological subdivision | 1543- |
| 690 ## - LOCAL SUBJECT ADDED ENTRY--TOPICAL TERM (OCLC, RLIN) | |
| Topical term or geographic name as entry element | ENVIRONMENTAL AND LAND CONSULTANCY-PLANNING AND DEVELOPMENT-COMPULSORY PURCHASE AND COMPENSATION |
| 856 40 - ELECTRONIC LOCATION AND ACCESS | |
| Uniform Resource Identifier | <a href="https://www.publications.parliament.uk/pa/ld200809/ldjudgmt/jd090730/tflvsp-1.htm">https://www.publications.parliament.uk/pa/ld200809/ldjudgmt/jd090730/tflvsp-1.htm</a> |
| Public note | View the judgement free of charge at www.publications.parliament.uk... |
| 942 ## - ADDED ENTRY ELEMENTS (KOHA) | |
| Suppress in OPAC | 0 |
| Withdrawn status | Lost status | Source of classification or shelving scheme | Damaged status | Not for loan | Home library | Current library | Shelving location | Date acquired | Total Checkouts | Full call number | Barcode | Date last seen | Copy number | Price effective from | Koha item type |
|---|---|---|---|---|---|---|---|---|---|---|---|---|---|---|---|
| Dewey Decimal Classification | Virtual | Virtual | Online | 07/08/2009 | ONLINE PUBLICATION | 148160-2001 | 06/08/2019 | 1 | 06/08/2019 | Law report |